[Event "Lugano op"]
[Site "Lugano"]
[Date "2007.11.16"]
[Round "1.19"]
[White "Rosin, Federico"]
[Black "Medda, Carlo"]
[Result "1-0"]
[WhiteElo "2117"]
[BlackElo "1660"]
[PlyCount "57"]
[EventDate "2007.11.16"]
[EventType "swiss"]
[EventRounds "5"]
[EventCountry "SUI"]
[SourceTitle "CBM 121 Extra"]
[Source "ChessBase"]
[SourceDate "2008.01.10"]
[SourceVersion "1"]
[SourceVersionDate "2008.01.10"]
[SourceQuality "1"]

1. Nf3 c5 2. c4 Nc6 3. g3 g6 4. Bg2 Bg7 5. 0-0 Nf6 6. d4 cxd4 7. Nxd4 0-0 8. Nc3 e5 9. Ndb5 Rb8 10. Be3 a6 11. Nd6 Ne7 12. Rc1 Ne8 13. Ba7 Nxd6 14. Bxb8 Nxc4 15. Bd6 Nxd6 16. Qxd6 Nf5 17. Qd2 b5 18. Nd5 d6 19. Rc7 Be6 20. Rfc1 Bh6 21. e3 Nd4 22. f4 Bh3 23. exd4 Bxg2 24. Kxg2 exf4 25. Nxf4 d5 26. Qe3 g5 27. Nh5 Qd6 28. g4 f5 29. R1c6 1-0

[Event "Lugano op"]
[Site "Lugano"]
[Date "2006.11.19"]
[Round "4"]
[White "Rosin, Federico"]
[Black "Rigo, Gianfrancesco"]
[Result "1/2-1/2"]
[WhiteElo "2135"]
[BlackElo "2013"]
[PlyCount "87"]
[EventDate "2006.11.17"]
[EventType "swiss"]
[EventRounds "5"]
[EventCountry "SUI"]
[SourceTitle "EXT 2008"]
[Source "ChessBase"]
[SourceDate "2007.11.25"]
[SourceVersion "1"]
[SourceVersionDate "2007.11.25"]
[SourceQuality "1"]

1. e4 e6 2. d3 d5 3. Nd2 Nf6 4. Ngf3 b6 5. exd5 exd5 6. Be2 Bd6 7. 0-0 0-0 8. Re1 c5 9. d4 Nc6 10. Nf1 cxd4 11. Nxd4 Nxd4 12. Qxd4 Re8 13. Be3 Be5 14. Qb4 d4 15. Bg5 Bb7 16. Rad1 h6 17. Bxf6 Qxf6 18. Bd3 Bd6 19. Qb5 Re5 20. Rxe5 Qxe5 21. Qxe5 Bxe5 22. Re1 Bf6 23. Nd2 Kf8 24. Kf1 Re8 25. Rxe8+ Kxe8 26. Be4 d3 27. c3 Bg5 28. Bxb7 Bxd2 29. c4 Bc1 30. b3 f5 31. Ke1 Bf4 32. g3 Be5 33. Kd2 Bd4 34. f3 Bg1 35. h3 Bh2 36. g4 fxg4 37. hxg4 Ke7 38. Kxd3 Kd6 39. Kc3 Be5+ 40. Kb4 Kc7 41. Be4 g5 42. c5 bxc5+ 43. Kxc5 Bf4 44. Bf5 1/2-1/2

[Event "Bratto op 26th"]
[Site "Bratto"]
[Date "2006.08.23"]
[Round "5"]
[White "Costantini, Roberto"]
[Black "Rosin, Federico"]
[Result "1-0"]
[WhiteElo "2293"]
[BlackElo "2135"]
[PlyCount "63"]
[EventDate "2006.08.19"]
[EventType "swiss"]
[EventRounds "9"]
[EventCountry "ITA"]
[SourceTitle "CBM 113 Extra"]
[Source "ChessBase"]
[SourceDate "2006.09.14"]
[SourceVersion "1"]
[SourceVersionDate "2006.09.14"]
[SourceQuality "1"]

1. e4 c5 2. Nf3 Nc6 3. Nc3 e5 4. Bc4 Be7 5. d3 Nf6 6. Nd2 0-0 7. Nf1 d6 8. Ne3 Be6 9. Ncd5 Rb8 10. a3 b5 11. Ba2 a5 12. 0-0 b4 13. f4 exf4 14. Rxf4 Ne5 15. Nxe7+ Qxe7 16. Nf5 Qd7 17. Rf1 Bxa2 18. Rxa2 Qe6 19. Ra1 d5 20. Bg5 Ned7 21. e5 Qxe5 22. Bf4 Qxb2 23. Bxb8 Rxb8 24. axb4 Qxb4 25. Ne7+ Kf8 26. Nc6 Qb6 27. Nxb8 Nxb8 28. Qb1 Qa7 29. Qb5 c4+ 30. Kh1 Nbd7 31. Rxa5 Qe3 32. Qb4+ 1-0

[Event "Lugano op"]
[Site "Lugano"]
[Date "2005.11.20"]
[Round "5"]
[White "Rosin, Federico"]
[Black "Camponovo, David"]
[Result "1-0"]
[WhiteElo "2143"]
[BlackElo "1951"]
[PlyCount "57"]
[EventDate "2005.11.18"]
[EventType "swiss"]
[EventRounds "6"]
[EventCountry "SUI"]
[SourceTitle "CBM 109 Extra"]
[Source "ChessBase"]
[SourceDate "2006.01.03"]
[SourceVersion "2"]
[SourceVersionDate "2006.01.03"]
[SourceQuality "1"]

1. d4 Nf6 2. c4 c5 3. d5 b5 4. Nf3 g6 5. g3 Bb7 6. Bg2 Bg7 7. 0-0 0-0 8. Re1 bxc4 9. Nc3 e6 10. e4 exd5 11. exd5 d6 12. Nd2 Nbd7 13. Nxc4 Nb6 14. Na5 Qd7 15. Bf4 Ba6 16. Nc6 Rfe8 17. Qc2 Bc4 18. Rxe8+ Rxe8 19. Rd1 Kf8 20. Na5 Ba6 21. Qd2 h5 22. Bh6 Na4 23. Bxg7+ Kxg7 24. Nc6 Nxc3 25. Qxc3 Re2 26. Bf1 Rxf2 27. Kxf2 Qf5+ 28. Kg1 c4 29. Bg2 1-0

[Event "Ceriano Laghetto op 12th"]
[Site "Ceriano Laghetto"]
[Date "2005.02.06"]
[Round "6"]
[White "Rosin, Federico"]
[Black "Salvador, Roland"]
[Result "0-1"]
[WhiteElo "2133"]
[BlackElo "2340"]
[PlyCount "68"]
[EventDate "2005.01.29"]
[EventType "swiss"]
[EventRounds "5"]
[EventCountry "ITA"]
[SourceTitle "EXT 2007"]
[Source "ChessBase"]
[SourceDate "2006.11.23"]
[SourceVersion "1"]
[SourceVersionDate "2006.11.23"]
[SourceQuality "1"]

1. e4 c5 2. Nf3 Nc6 3. Nc3 Nf6 4. d4 cxd4 5. Nxd4 e5 6. Ndb5 d6 7. Bg5 a6 8. Na3 b5 9. Nd5 Be7 10. Bxf6 Bxf6 11. c3 0-0 12. Bd3 Bg5 13. 0-0 Be6 14. Bc2 g6 15. Bb3 Na5 16. Nc2 f5 17. Qe2 Rc8 18. Rad1 fxe4 19. Qxe4 Nc4 20. Bxc4 Rxc4 21. Qe2 Bh6 22. Nce3 Rh4 23. b3 Qg5 24. Nc7 Bh3 25. Kh1 Bc8 26. c4 Rh5 27. g3 Bh3 28. cxb5 Bxf1 29. Qxf1 Qf6 30. Ned5 Qf3+ 31. Kg1 axb5 32. Nxb5 e4 33. Qe1 Rxd5 34. Rxd5 e3 0-1

[Event "Bratto op 24th"]
[Site "Bratto"]
[Date "2004.08.28"]
[Round "9"]
[White "Sardo, Gabriele"]
[Black "Rosin, Federico"]
[Result "1/2-1/2"]
[WhiteElo "2202"]
[BlackElo "2124"]
[PlyCount "128"]
[EventDate "2004.08.20"]
[EventType "swiss"]
[EventRounds "9"]
[EventCountry "ITA"]
[SourceTitle "CBM 101 Extra"]
[Source "ChessBase"]
[SourceDate "2004.09.01"]
[SourceVersion "2"]
[SourceVersionDate "2004.09.01"]
[SourceQuality "1"]

1. c4 e6 2. Nc3 d5 3. d4 c5 4. cxd5 exd5 5. Nf3 Nc6 6. g3 Nf6 7. Bg2 Be7 8. 0-0 0-0 9. Bg5 c4 10. Re1 Be6 11. Ne5 Qb6 12. Bxf6 Bxf6 13. Nxd5 Bxd5 14. Nd7 Qxd4 15. Nxf6+ Qxf6 16. Qxd5 Rac8 17. Bh3 Rc7 18. Qxc4 Qxb2 19. Rab1 Qe5 20. Rec1 Re7 21. e3 Na5 22. Qc3 Qxc3 23. Rxc3 g6 24. Rbc1 b6 25. Rc7 Rfe8 26. Kg2 Nb7 27. a4 Kg7 28. R1c6 Na5 29. Rc3 Kf6 30. Bd7 Ra8 31. Bg4 h5 32. Bf3 Rd8 33. Rxe7 Kxe7 34. Rc7+ Rd7 35. Rxd7+ Kxd7 36. Bd5 Ke7 37. h4 a6 38. Kf3 b5 39. axb5 axb5 40. Ke4 b4 41. Kd4 f5 42. e4 fxe4 43. Bxe4 Kf6 44. Kc5 Nb3+ 45. Kxb4 Nd4 46. Kc4 Ne6 47. Kd5 Ng7 48. Kd4 Ne6+ 49. Ke3 Ng7 50. Kf3 Ne6 51. g4 hxg4+ 52. Kxg4 Ng7 53. Bc6 Ne6 54. Be8 Ng7 55. Bd7 Nh5 56. Kf3 Ng7 57. Ke4 Nh5 58. Bg4 Ng7 59. Ke3 Ke7 60. Ke4 Kf6 61. Bd7 Nh5 62. Kf3 Ke7 63. Bc6 Kf6 64. Kg4 Ng7 1/2-1/2

[Event "Melegnano op 3rd"]
[Site "Melegnano"]
[Date "2004.02.14"]
[Round "3"]
[White "Lanzani, Giuliano"]
[Black "Rosin, Federico"]
[Result "1/2-1/2"]
[WhiteElo "2067"]
[BlackElo "2137"]
[PlyCount "34"]
[EventDate "2004.02.13"]
[EventType "swiss"]
[EventRounds "5"]
[EventCountry "ITA"]
[SourceTitle "EXT 2008"]
[Source "ChessBase"]
[SourceDate "2007.11.25"]
[SourceVersion "1"]
[SourceVersionDate "2007.11.25"]
[SourceQuality "1"]

1. e4 c5 2. Nc3 e6 3. g3 d5 4. Bg2 Nf6 5. exd5 exd5 6. Qe2+ Be7 7. Nf3 0-0 8. 0-0 d4 9. Ne4 Nxe4 10. Qxe4 Nd7 11. b4 Nf6 12. Qd3 cxb4 13. Nxd4 Qb6 14. Bb2 Rd8 15. Qe2 Bc5 16. Nb3 Re8 17. Qc4 Be7 1/2-1/2

[Event "Milan Crespi op 24th"]
[Site "Milan"]
[Date "2003.12.07"]
[Round "4"]
[White "Rosin, Federico"]
[Black "Barlocco, Carlo"]
[Result "0-1"]
[WhiteElo "2117"]
[BlackElo "2132"]
[PlyCount "118"]
[EventDate "2003.12.05"]
[EventType "swiss"]
[EventRounds "6"]
[EventCountry "ITA"]
[SourceTitle "EXT 2005"]
[Source "ChessBase"]
[SourceDate "2004.11.15"]
[SourceVersion "1"]
[SourceVersionDate "2004.11.15"]
[SourceQuality "1"]

1. e4 e5 2. Nf3 Nc6 3. d4 exd4 4. Nxd4 Bb4+ 5. c3 Bc5 6. Be3 Bb6 7. Bd3 Nf6 8. 0-0 0-0 9. Nd2 Re8 10. Nxc6 bxc6 11. Bg5 h6 12. Bh4 d5 13. exd5 Qxd5 14. Bc4 Qf5 15. Qf3 Qxf3 16. Nxf3 Be6 17. Bxe6 Rxe6 18. Rfe1 Rae8 19. Bxf6 gxf6 20. Rad1 Re2 21. Rxe2 Rxe2 22. Rd2 Bxf2+ 23. Kf1 Rxd2 24. Nxd2 Bc5 25. Ne4 Be7 26. Ke2 Kg7 27. Nd2 Bd6 28. h3 Kf8 29. Kf3 Ke7 30. Ke4 Ke6 31. g4 Bh2 32. Nc4 Bg3 33. Ne3 Be1 34. Nf5 Bd2 35. h4 Bc1 36. b3 Bd2 37. c4 Bc1 38. Ng7+ Kd6 39. Kf5 Kc5 40. Kxf6 Kb4 41. Kxf7 Ka3 42. Nf5 a5 43. Nxh6 Kxa2 44. Nf5 Kxb3 45. Nd4+ Kxc4 46. Nc2 Bb2 47. g5 Kb3 48. Na3 Kxa3 49. h5 c5 50. g6 c4 51. h6 c3 52. g7 c2 53. g8Q c1Q 54. h7 Qf4+ 55. Ke6 Qd6+ 56. Kf5 Qf6+ 57. Ke4 Qe5+ 58. Kd3 c5 59. Kc2 Qe2+ 0-1

[Event "Lugano op"]
[Site "Lugano"]
[Date "2003.10.31"]
[Round "6"]
[White "Salami, Marco"]
[Black "Rosin, Federico"]
[Result "1/2-1/2"]
[WhiteElo "2166"]
[BlackElo "2117"]
[PlyCount "97"]
[EventDate "2003.10.31"]
[EventType "swiss"]
[EventRounds "6"]
[EventCountry "SUI"]
[SourceTitle "EXT 2007"]
[Source "ChessBase"]
[SourceDate "2006.11.23"]
[SourceVersion "1"]
[SourceVersionDate "2006.11.23"]
[SourceQuality "1"]

1. e4 c5 2. Nf3 Nc6 3. Bb5 g6 4. 0-0 Bg7 5. c3 e5 6. d4 exd4 7. cxd4 Nxd4 8. Nxd4 cxd4 9. f4 Ne7 10. f5 Qb6 11. f6 Bxf6 12. Qf3 d3+ 13. Kh1 d2 14. Nxd2 Qxb5 15. Qxf6 Rf8 16. b3 Qa6 17. Qg7 d6 18. Nc4 Be6 19. Bg5 b5 20. Ne3 Qb7 21. Bxe7 Qxe7 22. Nd5 Bxd5 23. exd5 0-0-0 24. a4 Qe5 25. Qh6 Kb8 26. Qd2 Rd7 27. axb5 Rc8 28. Ra6 Qc3 29. Qf4 Qe5 30. Qd2 Rdc7 31. b6 Rc2 32. bxa7+ Ka8 33. Qd1 Qc3 34. Qf3 Rc1 35. Rc6 Rxc6 36. dxc6 Kxa7 37. Qxf7+ Kb6 38. Qb7+ Kc5 39. b4+ Kc4 40. Qf7+ Kxb4 41. h3 Rxf1+ 42. Qxf1 Qc5 43. Qb1+ Ka5 44. Qb7 Qc1+ 45. Kh2 Qf4+ 46. Kg1 Qe3+ 47. Kf1 Qf4+ 48. Ke2 Qe4+ 49. Kf2 1/2-1/2